Fisiopatología (Registro nro. 13272)

Detalles MARC
000 -CABECERA
Longitud fija campo de control 00698nam a2200217 b 4500
001 - NÚMERO DE CONTROL
Número de control bimo0002112205
003 - IDENTIFICADOR DELl NÚMERO DE CONTROL
Identificador del número de control OSt
005 - FECHA Y HORA DE LA ÚLTIMA TRANSACCIÓN
Fecha y hora de la última transacción 20140828143534.0
008 - CÓDIGOS DE INFORMACIÓN DE LONGITUD FIJA
Códigos de información de longitud fija 060619s2006 esp spa
020 ## - NÚMERO INTERNACIONAL NORMALIZADO PARA LIBROS
Número Internacional Normalizado para Libros (ISBN) 978-84-7903-932-5
040 ## - FUENTE DE LA CATALOGACIÓN
Centro catalogador de origen SpMaBN
Lengua de catalogación spa
Centro transcriptor BMC
Normas de descripción rdc
082 ## - NÚMERO DE LA CLASIFICACIÓN DECIMAL DEWEY
Númeroo de clasificación 612.61607
100 1# - PUNTO DE ACCESO PRINCIPAL-NOMBRE DE PERSONA
Nombre de persona Porth, Carol Mattson
9 (RLIN) 24507
245 10 - MENCIÓN DE TÍTULO
Título Fisiopatología
Resto del título : salud-enfermedad: un enfoque conceptual
Mención de responsabilidad, etc. Carol Mattson Porth ; [traducción, Silvia Cwi ... et al.]
250 ## - MENCIÓN DE EDICIÓN
Mención de edición 7ª ed
260 ## - PUBLICACIÓN, DISTRIBUCIÓN, ETC. (PIE DE IMPRENTA)
Lugar de publicación, distribución, etc. Buenos Aires [etc.]
Nombre del editor, distribuidor, etc. Editorial Médica Panamericana
Fecha de publicación, distribución, etc. 2007
300 ## - DESCRIPCIÓN FÍSICA
Extensión XXXIV, 1582 p.
Otras características físicas il. col.
Dimensiones 28 cm
650 24 - PUNTO DE ACCESO ADICIONAL DE MATERIA - TÉRMINO DE MATERIA
Término de materia o nombre geográfico como elemento inicial Fisiopatología
9 (RLIN) 8043
700 1# - PUNTO DE ACCESO ADICIONAL - NOMBRE DE PERSONA
9 (RLIN) 8068
Nombre de persona Cwi, Silvia
942 ## - ENTRADA DE ELEMENTOS AGREGADOS (KOHA)
Fuente de clasificaión o esquema Dewey Decimal Classification
Koha [por defecto] tipo de item 1- Monografias
Existencias
Suprimido Perdido Fuente de clasificación o esquema Estropeado Restricciones de uso No para préstamo Código de colección Localización permanente Localización actual Localización en estanter&íacute;as Fecha adquisición Fuente de adquisición Número de inventario Préstamos totales Renovaciones totales Signatura completa Código de barras Fecha última consulta Fecha último préstamo Coste, precio reemplazado Fecha del precio de reemplazo Tipo de item de Koha
NULL NULL Dewey Decimal Classification NULL Prestable NULL NULL Biblioteca Miguel de Cervantes - UNICAES Biblioteca Miguel de Cervantes - UNICAES Sala Principal 27/08/2014 Donación - Facultad de Ciencias y Humanidades 021116 50 6 612.61607 POR fis 1021473 16/07/2025 16/07/2025 55.00 27/08/2014 1- Monografias
NULL NULL Dewey Decimal Classification NULL Prestable NULL NULL Biblioteca Miguel de Cervantes - UNICAES Biblioteca Miguel de Cervantes - UNICAES Sala Principal 27/08/2014 Donación - Facultad de Ciencias y Humanidades 021117 46 3 612.61607 POR fis 1021474 12/02/2024 02/02/2024 55.00 27/08/2014 1- Monografias
NULL NULL Dewey Decimal Classification NULL Prestable NULL   Biblioteca Miguel de Cervantes - UNICAES Biblioteca Miguel de Cervantes - UNICAES Sala Principal 23/09/2014 Donación - Facultad de Ciencias y Humanidades 022219 20 2 612.61607 POR fis 1022570 22/07/2022 22/07/2022 55.00 23/09/2014 1- Monografias